| 000 | 00954cam a2200277 a 4500 | ||
|---|---|---|---|
| 001 | 12979652 | ||
| 005 | 20150322130905.0 | ||
| 008 | 021024s2002 nyua 001 0 eng | ||
| 020 | _a0071362703 | ||
| 020 | _a9780071362702 | ||
| 040 |
_aDLC _cDLC _dDLC _eEG-ScBUE |
||
| 082 | 0 | 0 |
_a621.38153 _bCAT _222 |
| 100 | 1 |
_aCathey, Jimmie J. _99237 |
|
| 245 | 1 | 0 |
_aSchaum's outline of theory and problems of electronic devices and circuits / _cJimmie J. Cathey. |
| 246 | 3 | 0 | _aTheory and problems of electronic devices and circuits |
| 250 | _a2nd ed. | ||
| 260 |
_aNew York : _bMcGraw-Hill Companies, Inc, _cc.2002. |
||
| 300 |
_avii, 310 p. : _bill. ; _c28 cm. |
||
| 490 | 0 | _aSchaum's outline series | |
| 500 | _aIncludes index. | ||
| 650 | 0 |
_aElectronic circuits _vProblems, exercises, etc. |
|
| 650 | 0 |
_aElectronic control _vProblems, exercises, etc. |
|
| 653 |
_bENGELC _cMarch2015 |
||
| 655 |
_vreading book _934232 |
||
| 942 |
_2ddc _cBB _k621.38153 CAT |
||
| 999 |
_c10837 _d10837 |
||